Movies Quiz

Random Movies or Quote Quiz
Score 0/16 Timer 06:00
3 Plays Today
Beginning Remainder % Correct
Say 'Hello!' to...my li'l friend.
93.2%
You want answers? - I want the truth! - You...can't handle the truth.
87.7%
You're gonna need...a bigger boat.
86.1%
If you can dodge a wrench...you can dodge a ball.
76.5%
Go ahead...make my day.
75.3%
I am serious. And...don't call me Shirley.
67.8%
Louis, I think this is the beginning...of a beautiful friendship.
59.3%
Oh, Auntie Em, there's...no place like home!
56%
Beginning Remainder % Correct
No, Mr. Bond. I expect...you to die.
54.4%
The first rule of Fight Club is you...do not talk about Fight Club.
51%
When I left you, I was but the learner; now...I am the master
46.5%
We can stay up late, swapping manly stories, and in the morning...I'm making waffles!
39.2%
Oh, you look nervous. Is it the scars? You want to...know how I got 'em?
37.2%
We came, we saw...we kicked its ass!
29.8%
Don't have sex, because you will get...pregnant and die!
26.8%
I tend to think of myself as a...one man wolf pack.
23.4%
Remove Ads.
Support Sporcle.
Get the best of Sporcle when you Go Orange. This ad-free experience offers more features, more stats, and more fun while also helping to support Sporcle. Thank you for becoming a member.

You're not logged in!

Compare scores with friends on all Sporcle quizzes.
OR
Log In

Show Comments

Extras

Top Quizzes Today


Score Distribution

Your Account Isn't Verified!

In order to create a playlist on Sporcle, you need to verify the email address you used during registration. Go to your Sporcle Settings to finish the process.

Report this User

Report this user for behavior that violates our Community Guidelines.

Details: